000 00770nam a2200253 u 4500
001 000025236
005 20200930023641.0
008 110211s1970 ve r 001 0 spa d
040 _aDO-SdBNP
_bspa
_cBNPHU
082 _ann*
_bnn*
245 0 0 _aBreviario del estremecimiento :
_brelatos /
_cW. F. Harvey... [et al.] ; traducción de Maria Esther Vazquez.
260 _aCaracas :
_bMonte Avila,
_c1970.
300 _a185 p. ;
_c20 cm.
490 1 _aPrisma
700 1 _aHarvey, W. F.
_951721
700 1 _aVazquez, Maria Esther,
_etr.
_947838
700 1 _aJames, M. R.
_951722
700 1 _aMachen, A.
_951723
700 1 _aLovecraft, H. P.
_951724
700 1 _aBlackwood, A.
_951725
700 1 _aKettridge, P.
_951726
830 0 _aPrisma
_93770
049 _aBNGR
999 _c24729
_d24729